000 00389nam a2200169Ia 4500
008 210210b1962 xxu||||| |||| 00| 0 eng d
041 _aeng
082 _a920/47
100 _aSANKARANARAYANA (P)
245 _aValues in history
260 _aBombay
_bBharatiya Vidhya Bhavan
_c1962
650 _aValues
650 _ain
650 _ahistory
690 _aHistory
906 _a024789
999 _c150410
_d150410